Football Teams Paulinho Played For - Statistics

General Stats
  • This quiz has been taken 28 times
  • The average score is 4 of 11
Answer Stats
League Years Team % Correct
Spain 2017-2018 FC Barcelona
95%
England 2013-2015 Tottenham Hotspur
58%
China 2015-2017 Guangzhou FC
42%
China 2018-2021 Guangzhou FC
42%
Brazil 2010-2013 SC Corinthians
32%
Brazil 2022- SC Corinthians
32%
Saudi Arabia 2021 Al-Ahli SFC
26%
Lithuania 2006-2007 FC Vilnius
26%
Poland 2007-2008 ŁKS Łódź
26%
Brazil 2009-2010 Bragantino
16%
Brazil 2008-2009 Grêmio Osasco Audax
16%
No matching quizzes found
Score Distribution
Percent of People with Each Score
Percentile by Number Answered
Your Score History
You have not taken this quiz